000 00571nam a2200205Ia 4500
005 20250508150342.0
008 008 250505s9999 xx 000 0 eng d
037 _aTextual
040 _aFEDL
_beng
_cFEDL
041 _aeng
_2eng
084 _a677, JOH
_qFEDL
100 _aJohnson William H
_990782
245 0 _aTextile arts
260 _aNew York, USA
_bThe Macmillan Company
_c1944
300 _avii,144p.
490 _aIndustiral arts educational
700 _a Newkirk Louis V
_9756480
942 _cTEXL
_h677, JOH
999 _c1323150
_d1323150